书目信息 |
| 题名: |
老三届朝歌涅
|
|
| 作者: | 丁晓禾 | |
| 分册: | ||
| 出版信息: | 北京 中共党史出版社 1998 |
|
| 页数: | 403 | |
| 开本: | 20cm | |
| 丛书名: | ||
| 单 册: | ||
| 中图分类: | D65 | |
| 科图分类: | ||
| 主题词: | 政治--中国 | |
| 电子资源: | ||
| ISBN: | 7-80136-269-1 | |
| 000 | 00543nam0 2200193 450 | |
| 001 | 0734081268 | |
| 005 | 20071007092801.28 | |
| 010 | @a7-80136-269-1 | |
| 100 | @a20071007d km y0chiy0120 ea | |
| 101 | 0 | @achi |
| 200 | 1 | @a老三届朝歌涅@Alao san jie chao ge nie@e老三届新话@f丁晓禾@Fding xiao he |
| 210 | @a北京@c中共党史出版社@d1998 | |
| 215 | @a403@d20cm | |
| 517 | 1 | @a老三届新话@Alao san jie xin hua |
| 606 | 0 | @a政治@x中国 |
| 690 | @aD65@v3 | |
| 701 | 0 | @a丁晓禾@Ading xiao he |
| 801 | 0 | @aCN@bPFT@c20071007 |
| 905 | @a213230@dD65@ea1@f1 | |
| 老三届朝歌涅:老三届新话/丁晓禾.-北京:中共党史出版社,1998 |
| 403;20cm |
| ISBN 7-80136-269-1: |
| ● |
| 相关链接 |
|
|
|
|
正题名:老三届朝歌涅
索取号:D65/a1
 
预约/预借
| 序号 | 登录号 | 条形码 | 馆藏地/架位号 | 状态 | 备注 |
| 1 | 7505607 | 275056074 | 史法系资料室/ [索取号:D65/a1] | 在馆 |